00629nam a2200181Ia 4500952014900000999001700149003000400166005001700170008004100187020001800228040000900246082001800255100002600273245005400299260004300353300000900396942004200405 00102ddc40708HISTORYaMESbMEScHISd2019-02-20g140.00l6m14o954.83 BAH/Kp39265r2026-01-19 11:38:21s2025-12-17w2019-02-20yBKzGL34R1 c35050d35050OSt20200626125225.0190216s9999||||xx |||||||||||||| ||und|| a9789385269523 coclc a954.83bBAH/K aBahavudeen, K M93272 0aKerala Samoohaghadana Mattangal /cK M Bahavudeen bOlive Publications,c2015.aKozhikode: a170p cBK2ddch954.83iBAH/Kk954.83mBAH/K